Walking with Jesus in the holy land: (Record no. 7563)

MARC details
000 -LEADER
fixed length control field 00637 a2200181 4500
010 ## - LCCN (DPL NO)
LC control number ENG-88105
020 ## - INTERNATIONAL STANDARD BOOK NUMBER
International Standard Book Number 8172149417
Terms of availability 300.00
035 ## - SYSTEM CONTROL NUMBER
System control number EN-71638
037 ## - SOURCE OF ACQUISITION
Source of stock number/acquisition DBAD / PUB
082 14 - DEWEY DECIMAL CLASSIFICATION NUMBER
Classification number 280
100 1# - MAIN ENTRY--PERSONAL NAME
Personal name Rao, P.J.Manohar
245 1# - TITLE STATEMENT
Title Walking with Jesus in the holy land:
Statement of responsibility, etc by P.J.Manohar Rao
Remainder of title a pilgrim's pictorial narrative/
260 ## - PUBLICATION, DISTRIBUTION, ETC. (IMPRINT)
Place of publication, distribution, etc Delhi
Name of publisher, distributor, etc ISPCK
Date of publication, distribution, etc 2006
270 ## - ADDRESS
Address Post Box 1585, 1654, Madarsa Road, Kashmere Gate
City Delhi
Postal code 110 006
Telephone number 011-23866323
Electronic mail address ashish@ispck.org.in
Fax number 91-11-23865490
300 ## - PHYSICAL DESCRIPTION
Extent xii, 125 p.
Dimensions 28 cm (Hb)
Other physical details Col. photos
500 ## - GENERAL NOTE
General note Includes index
942 ## - ADDED ENTRY ELEMENTS (KOHA)
Institution code [OBSOLETE] dpl
Item type English Books
Source of classification or shelving scheme Dewey Decimal Classification
Classification part 280
Call number suffix RAO
Holdings
Withdrawn status Lost status Not for loan Collection code Home library Current library Source of acquisition Cost, normal purchase price Full call number Barcode Copy number Cost, replacement price Koha item type
    Not For Loan Non-fiction D.B.Act.Division D.B.Act.Division DBAD/PUB 300.00 280 RAO EN-71638 1 300.00 English Books

© Delhi Public Library
Hit Counter
free hit counter